[Event "TUR Cup										"]
[Site "Antalya"]
[Date "2018.02.02"]
[Round "10"]
[White "Barissever, Erdogan"]
[Black "Kerem, Halil Ozgun"]
[Result "0-1"]
[WhiteElo "1875"]
[BlackElo "2132"]
[PlyCount "66"]
[EventDate "2018.01.27"]
[EventType "swiss"]
[EventRounds "11"]
[EventCountry "TUR"]
[SourceTitle "CBM 182 Extra"]
[Source "ChessBase"]
[SourceDate "2018.02.23"]
[SourceVersion "1"]
[SourceVersionDate "2018.02.23"]
[SourceQuality "1"]

1. e4 c5 2. Nf3 d6 3. d4 cxd4 4. Nxd4 Nf6 5. Nc3 a6 6. h3 e6 7. g4 Nfd7 8. Bg2 Nc6 9. Be3 Be7 10. Qd2 0-0 11. f4 Nxd4 12. Bxd4 e5 13. Bf2 exf4 14. Qxf4 Ne5 15. Nd5 Bh4 16. 0-0 Bxf2+ 17. Rxf2 Be6 18. Rd1 Bxd5 19. Rxd5 Rc8 20. b3 b5 21. Rfd2 Qe7 22. Qf2 Rc3 23. Rxd6 Rxc2 24. Qd4 Rc1+ 25. Kh2 Qg5 26. Rf2 Qh4 27. Rf4 Ng6 28. Rf2 Ne5 29. Rf4 g5 30. Qxe5 gxf4 31. Qxf4 Rc2 32. Rxa6 Rfc8 33. Rh6 Qf2 0-1

[Event "TUR Cup										"]
[Site "Antalya"]
[Date "2018.02.01"]
[Round "9"]
[White "Eren, Ataberk"]
[Black "Barissever, Erdogan"]
[Result "1-0"]
[WhiteElo "2165"]
[BlackElo "1875"]
[PlyCount "47"]
[EventDate "2018.01.27"]
[EventType "swiss"]
[EventRounds "11"]
[EventCountry "TUR"]
[SourceTitle "CBM 182 Extra"]
[Source "ChessBase"]
[SourceDate "2018.02.23"]
[SourceVersion "1"]
[SourceVersionDate "2018.02.23"]
[SourceQuality "1"]

1. d4 d5 2. c4 c6 3. Nc3 Nf6 4. Nf3 dxc4 5. a4 Bf5 6. e3 e6 7. Bxc4 Bb4 8. 0-0 0-0 9. Qe2 Bg6 10. Ne5 Nbd7 11. Nxg6 hxg6 12. Rd1 a5 13. e4 Nb6 14. Bb3 Nfd7 15. Be3 Qe7 16. Rac1 Rac8 17. Qg4 Rfe8 18. Bg5 Qf8 19. Ne2 Be7 20. Be3 c5 21. Nf4 Nf6 22. Qh3 c4 23. Bc2 Bd8 24. e5 1-0

[Event "TUR Cup"]
[Site "Antalya"]
[Date "2017.01.30"]
[Round "4"]
[White "Ari, Ahmet"]
[Black "Barissever, Erdogan"]
[Result "0-1"]
[WhiteElo "1589"]
[BlackElo "1903"]
[PlyCount "32"]
[EventDate "2017.01.28"]
[EventType "swiss"]
[EventRounds "11"]
[EventCountry "TUR"]
[SourceTitle "CBM 176 Extra"]
[Source "ChessBase"]
[SourceDate "2017.03.02"]
[SourceVersion "1"]
[SourceVersionDate "2017.03.02"]
[SourceQuality "1"]

1. e4 c5 2. Nf3 g6 3. d4 cxd4 4. Nxd4 Bg7 5. Nc3 Nc6 6. Be3 d6 7. Qd2 Nf6 8. Nxc6 bxc6 9. Bh6 Bxh6 10. Qxh6 Qa5 11. Bd3 Rb8 12. Qc1 0-0 13. 0-0 Qh5 14. f3 Nd7 15. b3 Qc5+ 16. Kh1 Qxc3 0-1

[Event "TUR Cup"]
[Site "Antalya"]
[Date "2017.01.29"]
[Round "2"]
[White "Barissever, Erdogan"]
[Black "Ceylan, Sezer"]
[Result "1/2-1/2"]
[WhiteElo "1903"]
[BlackElo "1703"]
[PlyCount "59"]
[EventDate "2017.01.28"]
[EventType "swiss"]
[EventRounds "11"]
[EventCountry "TUR"]
[SourceTitle "CBM 176 Extra"]
[Source "ChessBase"]
[SourceDate "2017.03.02"]
[SourceVersion "1"]
[SourceVersionDate "2017.03.02"]
[SourceQuality "1"]

1. e4 e5 2. Nf3 Nc6 3. Bc4 Bc5 4. 0-0 Nf6 5. d4 Bxd4 6. Nxd4 Nxd4 7. f4 Nc6 8. Bxf7+ Kxf7 9. fxe5 d6 10. exf6 g6 11. Nd2 h6 12. h3 Be6 13. b3 Qd7 14. Nf3 Rag8 15. Nd4 Nxd4 16. Qxd4 b6 17. Bb2 h5 18. e5 d5 19. Rae1 g5 20. Re3 h4 21. b4 g4 22. hxg4 Rxg4 23. Rf4 Rhg8 24. Rxg4 Rxg4 25. Qd2 Qe8 26. Re2 Qh8 27. Kh2 Qh5 28. a3 Qg6 29. Re3 Qg5 30. Rd3 1/2-1/2

[Event "Vojvodina-ch 7th"]
[Site "Novi Sad"]
[Date "2016.07.15"]
[Round "1"]
[White "Barissever, Erdogan"]
[Black "Drazic, Sinisa"]
[Result "0-1"]
[WhiteElo "1945"]
[BlackElo "2402"]
[PlyCount "88"]
[EventDate "2016.07.15"]
[EventType "swiss"]
[EventRounds "9"]
[EventCountry "YUG"]
[SourceTitle "CBM 173 Extra"]
[Source "ChessBase"]
[SourceDate "2016.08.29"]
[SourceVersion "1"]
[SourceVersionDate "2016.08.29"]
[SourceQuality "1"]

1. d4 Nf6 2. Bg5 e6 3. Bxf6 Qxf6 4. e4 d6 5. Nf3 a6 6. Bd3 Nc6 7. 0-0 Bd7 8. c3 g5 9. Nbd2 g4 10. Ne1 h5 11. f4 gxf3 12. Nexf3 Be7 13. Qe2 Qg7 14. b4 e5 15. d5 Na7 16. a4 Nc8 17. Nc4 Bf6 18. b5 a5 19. b6 c6 20. Nfd2 Bd8 21. Rab1 Rh6 22. dxc6 Bxc6 23. Ne3 Rf6 24. Nf5 Qg4 25. Qxg4 hxg4 26. Nc4 Bxa4 27. Nfe3 Rxf1+ 28. Kxf1 Bd7 29. Nd5 Be6 30. Be2 f5 31. Nce3 f4 32. Nc4 Bd7 33. Na3 a4 34. Rb4 Kf7 35. Ke1 Kg6 36. Kd2 Kg5 37. g3 Be6 38. Nc7 Bxc7 39. bxc7 Na7 40. Nc4 Rh8 41. Nxd6 Rxh2 42. gxf4+ exf4 43. Ke1 f3 44. Bb5 g3 0-1

[Event "Manavgat Turkey Cup"]
[Site "Manavgat"]
[Date "2015.02.07"]
[Round "11"]
[White "Ceylan, Metin"]
[Black "Barissever, Erdogan"]
[Result "0-1"]
[WhiteElo "1830"]
[BlackElo "1970"]
[PlyCount "44"]
[EventDate "2015.01.31"]
[EventType "swiss"]
[EventRounds "11"]
[EventCountry "TUR"]
[SourceTitle "CBM 164 Extra"]
[Source "ChessBase"]
[SourceDate "2015.03.02"]
[SourceVersion "1"]
[SourceVersionDate "2015.03.02"]
[SourceQuality "1"]

1. e4 e5 2. d4 exd4 3. c3 d5 4. exd5 Qxd5 5. cxd4 Nc6 6. Be3 Nf6 7. Nc3 Qa5 8. Qa4 Qxa4 9. Nxa4 Nb4 10. Rc1 c6 11. a3 Nbd5 12. h3 Bd6 13. Nf3 0-0 14. Bd3 Re8 15. Kd2 Be6 16. Nc3 Rad8 17. Ng5 h6 18. Nxe6 Rxe6 19. Nxd5 cxd5 20. Rhe1 Re7 21. b4 a5 22. bxa5 Bxa3 0-1

[Event "Manavgat Turkey Cup"]
[Site "Manavgat"]
[Date "2015.02.06"]
[Round "10"]
[White "Barissever, Erdogan"]
[Black "Ozates, Mert"]
[Result "1-0"]
[WhiteElo "1970"]
[BlackElo "1689"]
[PlyCount "108"]
[EventDate "2015.01.31"]
[EventType "swiss"]
[EventRounds "11"]
[EventCountry "TUR"]
[SourceTitle "CBM 164 Extra"]
[Source "ChessBase"]
[SourceDate "2015.03.02"]
[SourceVersion "1"]
[SourceVersionDate "2015.03.02"]
[SourceQuality "1"]

1. e4 e6 2. d4 d5 3. e5 c5 4. c3 Nc6 5. Nf3 Qb6 6. a3 cxd4 7. cxd4 Bd7 8. Nc3 Rc8 9. Be2 Na5 10. 0-0 Nb3 11. Rb1 Nxc1 12. Qxc1 Nh6 13. Bd3 Be7 14. Qd2 0-0 15. Rbc1 Rc7 16. Rc2 Rfc8 17. Rfc1 Bd8 18. Nd1 Rxc2 19. Rxc2 Rxc2 20. Qxc2 g6 21. Ne3 Qc6 22. Qxc6 Bxc6 23. g4 Kg7 24. Kf1 Kf8 25. h3 Ng8 26. Ke2 Ke8 27. Kd2 Kd7 28. b4 Kc7 29. Kc3 Kb6 30. Kb3 a5 31. Nd1 axb4 32. axb4 Bb5 33. Bxb5 Kxb5 34. Nc3+ Kc6 35. Ka4 b6 36. b5+ Kc7 37. Kb3 Be7 38. Nd1 Kd7 39. Kc3 Kc7 40. Ne3 Kd7 41. Nc2 Kc7 42. Nfe1 Kd7 43. Nd3 Kc7 44. f4 Kd7 45. f5 Bf8 46. f6 h6 47. Nce1 Kc7 48. Nf3 Kd7 49. h4 Kc7 50. g5 h5 51. Kb3 Kd7 52. Nfe1 Kc7 53. Ng2 Kd7 54. Ngf4 Ke8 1-0

[Event "Manavgat Turkey Cup"]
[Site "Manavgat"]
[Date "2015.02.02"]
[Round "4"]
[White "Barissever, Erdogan"]
[Black "Bolat, Ahmet"]
[Result "0-1"]
[WhiteElo "1970"]
[BlackElo "2188"]
[PlyCount "122"]
[EventDate "2015.01.31"]
[EventType "swiss"]
[EventRounds "11"]
[EventCountry "TUR"]
[SourceTitle "CBM 164 Extra"]
[Source "ChessBase"]
[SourceDate "2015.03.02"]
[SourceVersion "1"]
[SourceVersionDate "2015.03.02"]
[SourceQuality "1"]

1. e4 Nf6 2. e5 Nd5 3. c4 Nb6 4. d4 d6 5. f4 dxe5 6. fxe5 Nc6 7. Be3 Bf5 8. Nc3 e6 9. Nf3 Bb4 10. Be2 f6 11. 0-0 Bxc3 12. bxc3 fxe5 13. d5 exd5 14. Bxb6 axb6 15. cxd5 Ne7 16. Nxe5 0-0 17. Bf3 Nc8 18. Re1 Nd6 19. Qd2 Qh4 20. g3 Qa4 21. Re2 Rf6 22. Rd1 Raf8 23. Bg2 Bg4 24. Nxg4 Qxg4 25. Rde1 Qc4 26. Re6 Rf5 27. Re7 R5f7 28. Rxf7 Rxf7 29. Bh3 Kf8 30. Rf1 Rxf1+ 31. Bxf1 Qg4 32. Qd3 Qf5 33. Qd4 Qe4 34. Qxe4 Nxe4 35. c4 Ke7 36. Bd3 Nf6 37. Kf2 Kd6 38. Ke3 Ke5 39. h3 h6 40. Bc2 Nh5 41. Kf3 Nf6 42. Ke3 Ne8 43. Bg6 Nd6 44. Bd3 g5 45. a3 Ne8 46. Be4 Nf6 47. Bf3 Nd7 48. Kd3 Nc5+ 49. Ke3 Nb3 50. Be2 Nd4 51. Bd3 c6 52. dxc6 bxc6 53. Bb1 c5 54. Be4 Ne6 55. Bc2 Ng7 56. Bg6 Ne6 57. Bc2 Nf8 58. Bd3 Nd7 59. Be2 Nf6 60. Bf3 Kd6 61. h4 Ke5 0-1

[Event "Manavgat Turkey Cup"]
[Site "Manavgat"]
[Date "2015.02.01"]
[Round "2"]
[White "Cansun, Can Alp"]
[Black "Barissever, Erdogan"]
[Result "0-1"]
[WhiteElo "1712"]
[BlackElo "1970"]
[PlyCount "52"]
[EventDate "2015.01.31"]
[EventType "swiss"]
[EventRounds "11"]
[EventCountry "TUR"]
[SourceTitle "CBM 164 Extra"]
[Source "ChessBase"]
[SourceDate "2015.03.02"]
[SourceVersion "1"]
[SourceVersionDate "2015.03.02"]
[SourceQuality "1"]

1. e4 e5 2. Nf3 Nc6 3. Bb5 a6 4. Ba4 Nf6 5. 0-0 b5 6. Bb3 Be7 7. Re1 0-0 8. c3 d5 9. exd5 Nxd5 10. Nxe5 Nxe5 11. Rxe5 c6 12. d4 Bd6 13. Re1 Qh4 14. g3 Qh3 15. Qf3 Bg4 16. Qg2 Qh5 17. Na3 Rae8 18. Bd2 Bh3 19. Bd1 Rxe1+ 20. Bxe1 Qh6 21. Qf3 Re8 22. Nc2 Qe6 23. Bd2 f5 24. Qd3 f4 25. gxf4 Nxf4 26. Bxf4 Qe1+ 0-1

[Event "Kemer Turkey Cup"]
[Site "Kemer"]
[Date "2014.02.08"]
[Round "9"]
[White "Barissever, Erdogan"]
[Black "Ciftci, Mehmet Emin"]
[Result "1-0"]
[WhiteElo "1959"]
[BlackElo "1754"]
[PlyCount "85"]
[EventDate "2014.02.01"]
[EventType "swiss"]
[EventRounds "9"]
[EventCountry "TUR"]
[SourceTitle "CBM 158 Extra"]
[Source "ChessBase"]
[SourceDate "2014.02.28"]
[SourceVersion "1"]
[SourceVersionDate "2014.02.28"]
[SourceQuality "1"]

1. e4 c5 2. Nf3 d6 3. d4 cxd4 4. Nxd4 Nf6 5. Nc3 g6 6. Be3 Bg7 7. f3 0-0 8. Qd2 Nc6 9. 0-0-0 d5 10. exd5 Nxd5 11. Nxc6 bxc6 12. Bd4 Nxc3 13. Qxc3 Bh6+ 14. Be3 Bxe3+ 15. Qxe3 Qb6 16. Qxe7 Be6 17. Qa3 Qf2 18. Qa5 Rab8 19. b3 c5 20. Qe1 Qxe1 21. Rxe1 c4 22. Bxc4 Bxc4 23. bxc4 Rb4 24. Re3 Rxc4 25. Rd1 Rfc8 26. Rd2 Ra4 27. Kb2 Rb8+ 28. Rb3 Re8 29. g3 Re5 30. f4 Rea5 31. a3 Re4 32. Rb7 a6 33. Rdd7 Rf5 34. Re7 Rc4 35. c3 Rc6 36. a4 h5 37. h4 Rd6 38. Kc2 Ra5 39. Rxf7 Rxa4 40. Rg7+ Kf8 41. Rgf7+ Kg8 42. Rfc7 Rd8 43. Rg7+ 1-0

[Event "Kemer Turkey Cup"]
[Site "Kemer"]
[Date "2014.02.07"]
[Round "8"]
[White "Yaylali, Adnan Dogan"]
[Black "Barissever, Erdogan"]
[Result "0-1"]
[WhiteElo "1677"]
[BlackElo "1959"]
[PlyCount "62"]
[EventDate "2014.02.01"]
[EventType "swiss"]
[EventRounds "9"]
[EventCountry "TUR"]
[SourceTitle "CBM 158 Extra"]
[Source "ChessBase"]
[SourceDate "2014.02.28"]
[SourceVersion "1"]
[SourceVersionDate "2014.02.28"]
[SourceQuality "1"]

1. Nf3 c5 2. c4 Nc6 3. Nc3 g6 4. g3 Bg7 5. Bg2 Nh6 6. 0-0 0-0 7. e4 d6 8. h3 f5 9. d3 Nf7 10. Be3 Bxc3 11. bxc3 fxe4 12. dxe4 Be6 13. Nd2 Nfe5 14. f4 Nxc4 15. Nxc4 Bxc4 16. Rf2 Qc8 17. f5 Qe8 18. g4 Rd8 19. Bf1 Bxf1 20. Qxf1 Ne5 21. Bf4 Qc6 22. Bh6 Rf7 23. f6 e6 24. Qe2 c4 25. Raf1 d5 26. exd5 Rxd5 27. h4 Nd3 28. Rf3 Re5 29. Rxd3 Qb6+ 30. Rd4 Rxe2 31. Bg7 e5 0-1

[Event "Kemer Turkey Cup"]
[Site "Kemer"]
[Date "2014.02.04"]
[Round "5"]
[White "Soysal, Serkan"]
[Black "Barissever, Erdogan"]
[Result "1-0"]
[WhiteElo "2155"]
[BlackElo "1959"]
[PlyCount "67"]
[EventDate "2014.02.01"]
[EventType "swiss"]
[EventRounds "9"]
[EventCountry "TUR"]
[SourceTitle "CBM 158 Extra"]
[Source "ChessBase"]
[SourceDate "2014.02.28"]
[SourceVersion "1"]
[SourceVersionDate "2014.02.28"]
[SourceQuality "1"]

1. e4 c5 2. Nc3 d6 3. Nf3 Nf6 4. d4 cxd4 5. Nxd4 g6 6. Be3 Bg7 7. f3 0-0 8. Qd2 Nc6 9. 0-0-0 d5 10. Kb1 Nxd4 11. e5 Nf5 12. exf6 exf6 13. Bc5 d4 14. Bxf8 Qxf8 15. Nb5 Ne3 16. Rc1 Bh6 17. f4 Bxf4 18. Qxd4 Bh6 19. Bd3 Bf5 20. Qd6 Bxd3 21. Qxf8+ Kxf8 22. cxd3 Nxg2 23. Rc7 Rd8 24. Nxa7 Rxd3 25. Rxb7 f5 26. Nc6 f6 27. a4 Rd6 28. Rc7 Ne3 29. a5 Nd5 30. Rc8+ Kf7 31. a6 Nb6 32. Rc7+ Ke6 33. Re1+ Kd5 34. Rd1+ 1-0

[Event "Kemer Turkey Cup"]
[Site "Kemer"]
[Date "2014.02.03"]
[Round "4"]
[White "Barissever, Erdogan"]
[Black "Atakisi, Umut"]
[Result "1/2-1/2"]
[WhiteElo "1959"]
[BlackElo "2350"]
[PlyCount "109"]
[EventDate "2014.02.01"]
[EventType "swiss"]
[EventRounds "9"]
[EventCountry "TUR"]
[SourceTitle "CBM 158 Extra"]
[Source "ChessBase"]
[SourceDate "2014.02.28"]
[SourceVersion "1"]
[SourceVersionDate "2014.02.28"]
[SourceQuality "1"]

1. e4 e5 2. Nf3 Nc6 3. Bb5 Nf6 4. 0-0 Nxe4 5. Re1 Nd6 6. Nxe5 Be7 7. Bf1 Nxe5 8. Rxe5 0-0 9. d4 Bf6 10. Re1 Nf5 11. c3 d5 12. Bf4 c6 13. Nd2 Be6 14. Nf3 Re8 15. Bd3 g6 16. Qd2 Nd6 17. Bg5 Bxg5 18. Nxg5 Qf6 19. Nxe6 Rxe6 20. Rxe6 Qxe6 21. Re1 Qd7 22. Qf4 Re8 23. Rxe8+ Nxe8 24. h3 Kg7 25. Qe5+ f6 26. Qe3 Nc7 27. Be2 Qd6 28. g3 b6 29. Bg4 c5 30. Kg2 h5 31. Bc8 a5 32. f4 Qd8 33. Bb7 Qd6 34. Bc8 Kf7 35. f5 g5 36. Qe2 cxd4 37. Qxh5+ Ke7 38. cxd4 Kd8 39. Qh8+ Ne8 40. Be6 Qb4 41. Bf7 Qd2+ 42. Kh1 Qc1+ 43. Kh2 Qxb2+ 44. Kh1 Qb1+ 45. Kh2 Qxa2+ 46. Kh1 Qb1+ 47. Kh2 Qc2+ 48. Kg1 Qd1+ 49. Kg2 Qd2+ 50. Kh1 Qe1+ 51. Kh2 Qf2+ 52. Kh1 Qf3+ 53. Kh2 Qe2+ 54. Kg1 Qe3+ 55. Kh2 1/2-1/2

[Event "TUR-ch"]
[Site "Kemer"]
[Date "2011.02.13"]
[Round "10"]
[White "Barissever, Erdogan"]
[Black "Bal, Enes Emre"]
[Result "1-0"]
[WhiteElo "1962"]
[BlackElo "1779"]
[PlyCount "81"]
[EventDate "2011.02.05"]
[EventType "swiss"]
[EventRounds "10"]
[EventCountry "TUR"]
[SourceTitle "CBM 140 Extra"]
[Source "ChessBase"]
[SourceDate "2011.03.01"]
[SourceVersion "1"]
[SourceVersionDate "2011.03.01"]
[SourceQuality "1"]

1. d4 d5 2. c4 e5 3. dxe5 d4 4. Nf3 Nc6 5. g3 Bf5 6. Bg2 Nb4 7. Na3 d3 8. Nh4 Bg4 9. Bf3 Bxf3 10. Nxf3 dxe2 11. Qxd8+ Rxd8 12. Kxe2 Bc5 13. Be3 Bxe3 14. Kxe3 Nh6 15. Rhd1 0-0 16. Ke2 a6 17. h3 Nf5 18. c5 Nc6 19. Nc2 Nfe7 20. Ncd4 Rfe8 21. Nxc6 Nxc6 22. Rxd8 Rxd8 23. Rd1 Rxd1 24. Kxd1 Kf8 25. Ke2 Ke7 26. Ke3 h6 27. Ke4 Na5 28. b3 b6 29. cxb6 cxb6 30. Kd5 Kd7 31. Nd4 g6 32. f4 Nb7 33. e6+ fxe6+ 34. Nxe6 Ke7 35. Ke5 Nd6 36. Nc7 Nb5 37. f5 h5 38. f6+ Kf7 39. h4 Kg8 40. f7+ Kf8 41. Ke4 1-0

[Event "TUR-ch"]
[Site "Kemer"]
[Date "2011.02.11"]
[Round "8"]
[White "Ersahin, Bulent"]
[Black "Barissever, Erdogan"]
[Result "1-0"]
[WhiteElo "2176"]
[BlackElo "1962"]
[PlyCount "51"]
[EventDate "2011.02.05"]
[EventType "swiss"]
[EventRounds "10"]
[EventCountry "TUR"]
[SourceTitle "CBM 140 Extra"]
[Source "ChessBase"]
[SourceDate "2011.03.01"]
[SourceVersion "1"]
[SourceVersionDate "2011.03.01"]
[SourceQuality "1"]

1. d4 Nf6 2. c4 g6 3. Nc3 Bg7 4. e4 d6 5. Nf3 0-0 6. Be2 e5 7. 0-0 Nc6 8. d5 Ne7 9. b4 Nh5 10. Re1 f5 11. Ng5 Nf6 12. Bf3 c6 13. Bb2 h6 14. Ne6 Bxe6 15. dxe6 fxe4 16. Nxe4 Nxe4 17. Rxe4 d5 18. cxd5 cxd5 19. Rxe5 Bxe5 20. Bxe5 Qb6 21. Qd2 Kh7 22. Re1 Rxf3 23. gxf3 Nf5 24. Qxd5 Qxb4 25. Qd7+ Qe7 26. Bf6 1-0

[Event "TUR-ch"]
[Site "Kemer"]
[Date "2011.02.05"]
[Round "1"]
[White "Barissever, Erdogan"]
[Black "Erturan, Yakup"]
[Result "0-1"]
[WhiteElo "1962"]
[BlackElo "2367"]
[PlyCount "82"]
[EventDate "2011.02.05"]
[EventType "swiss"]
[EventRounds "10"]
[EventCountry "TUR"]
[SourceTitle "CBM 140 Extra"]
[Source "ChessBase"]
[SourceDate "2011.03.01"]
[SourceVersion "1"]
[SourceVersionDate "2011.03.01"]
[SourceQuality "1"]

1. e4 c6 2. d4 d5 3. e5 c5 4. dxc5 Nc6 5. Bb5 e6 6. Be3 Nge7 7. c3 Nf5 8. Bd4 Bd7 9. Bxc6 Bxc6 10. Nf3 Nxd4 11. cxd4 b6 12. cxb6 Qxb6 13. 0-0 Qxb2 14. Nbd2 Be7 15. Re1 0-0 16. Re3 Qb6 17. Rb1 Qa6 18. Ne1 Rab8 19. Nb3 Rfc8 20. Rh3 Bb5 21. Qh5 h6 22. Rf3 Be8 23. Rg3 Kh7 24. Qg4 g6 25. h4 h5 26. Qf4 Qe2 27. Re3 Qg4 28. Qxg4 hxg4 29. g3 g5 30. hxg5 Bxg5 31. Re2 Rc4 32. Nc2 Ra4 33. Ne3 Rxd4 34. Nxd4 Rxb1+ 35. Kg2 Rb4 36. Nec2 Rb2 37. f4 gxf3+ 38. Nxf3 Bh6 39. a3 Ra2 40. Rf2 Bf8 41. Nfd4 Bc5 0-1

[Event "Coulsdon Jessie Gilbert"]
[Site "Coulsdon"]
[Date "2008.08.24"]
[Round "9"]
[White "Barissever, Erdogan"]
[Black "Calvert, David Ian"]
[Result "1/2-1/2"]
[WhiteElo "1957"]
[BlackElo "2054"]
[PlyCount "39"]
[EventDate "2008.08.16"]
[EventType "swiss"]
[EventRounds "10"]
[EventCountry "ENG"]
[SourceTitle "CBM 125 Extra"]
[Source "ChessBase"]
[SourceDate "2008.09.01"]
[SourceVersion "1"]
[SourceVersionDate "2008.09.01"]
[SourceQuality "1"]

1. d4 d5 2. c4 c6 3. e3 Nf6 4. Qc2 g6 5. Nf3 Bg7 6. Nbd2 0-0 7. Bd3 Na6 8. a3 c5 9. 0-0 cxd4 10. exd4 dxc4 11. Nxc4 Nc7 12. Bf4 Ncd5 13. Be5 b6 14. Ncd2 Bb7 15. Rac1 Qd7 16. Rfe1 Rfc8 17. Qb1 Rxc1 18. Rxc1 Rc8 19. Rxc8+ Qxc8 20. Qc2 1/2-1/2